| 000 | 00567nam a2200229Ia 4500 | ||
|---|---|---|---|
| 003 | OSt | ||
| 005 | 20221005122848.0 | ||
| 006 | a|||||r|||| 00| 0 | ||
| 007 | ta | ||
| 008 | 221004b |||||||| |||| 00| 0 mal d | ||
| 024 | _a52815 | ||
| 037 | _cTextual | ||
| 040 |
_aCRL _cCRL _bmal |
||
| 041 |
_2mal _amal |
||
| 082 | _aJB:912.2, 32K4 | ||
| 100 |
_aNair C.S. _9632746 |
||
| 245 | 0 | _aKattilekku oru thirthayathra | |
| 260 | _c1964 | ||
| 650 | _aAGRICULTURE | ||
| 942 |
_hJB:912.2, 32K4 _cTEXL _2cc |
||
| 999 |
_c1045645 _d1045645 |
||